000 00443nam a2200157Ia 4500
003 GCL
008 140319s9999 xx 000 0 eng d
040 _aGCL /
_cGCL
082 0 4 _aCC
_b320.96203
_bS E
100 1 _aSCHATCH, ALEXANDER
245 1 0 _aEGYPT FOR THE EGYPTIANS: THE SOCIO - POLITICAL CRISIS IN EGYPT 1878 - 1882 /
_cSCHATCH, ALEXANDER
300 _a386 P
650 0 4 _aEGYPT
650 0 4 _aEGYPT - OTTOMAN EMPIRE
942 _2ddc
_cBK
999 _c14472
_d14472